000 01693nam a22003493 4500
001 78806
003 BJBSDDR
005 20240701155827.0
007 ta
008 900309m19459999sp 000 0 spa d
016 7 _a003345694
_2Uk
035 _a(OCoLC)ocn503792856
035 _a(OCoLC)503792856
040 _aUKMGB
_cUKMGB
_bspa
041 _aspa
049 _aGRAL
050 1 4 _aCD 1859
_bA673c 1945
110 1 _aArchivo General de Indias
_931006
245 1 0 _aCatálogo de documentos de la sección novena /
_cRedactado por el personal facultativo del Archivo, bajo la dirección del Director del mismo, Don Cristóbal Bermúdez Plata.
260 _aSevilla :
_bImpr. de la Gavidia,
_c1945-
300 _avolumenes <1> ;
_c25 cm.
490 1 _a[Universidad de Sevilla. Escuela de Estudios Hispano-Americanos. Publicaciones ser. 6. no. 1, etc.]
505 0 _av. 1: 1724-1834. Santo Domingo, Cuba, Puerto Rico, Luisiana y Florida
580 _aPart title: Catalogo de documentos de la Seccion Novena del Archivo General de Indias. Redactado bajo la direccion del Director del mismo, Don Cristobal Bermudez Plata. 1. Series 1.a y 2.a: Santo Domingo, Cuba, Puerto Rico, Luisiana, Florida y Mâexico. pp. 822. 1949.
650 4 _aArchivos
_920461
_zEspaña
651 4 _aAmérica Latina
_xHistoria
_xFuentes
_936941
_vBibliografía
700 1 _aBermúdez Plata, Cristóbal,
_d1882-1952
_936942
_edirector
787 0 _w(Uk)MP1.0003571528.0.1
830 0 _a[Universidad de Sevilla. Escuela de Estudios Hispano-Americanos. Publicaciones ser. 6. no. 1, etc.].
886 2 _2blmarc
_a709
_b00
_aBERMâUDEZ PLATA
_hCristâobal
_pAc.161.a/3.
_x0264260090
942 _2lcc
_cBK
999 _c111248
_d111248